Flautoškola 1 učebnice hry na sopránovou zobcocou flétnu : určeno pro barokní typ zobcové flétny s dvojitým vývrtem spodních otvorů /
| Main Author: | Kvapil, Jan, 1968- |
|---|---|
| Other Authors: | Hanzlík, Tomáš, 1972-, Kvapilová, Eva, 1963- |
| Language: | Czech |
| Published: |
Praha : WinGra, 2003 |
| Edition: | 1. vyd. |
| Physical Description: |
78 s. : il. ; 30 cm |
| LEADER | 01165ncm a2200313 a 4500 | ||
|---|---|---|---|
| 001 | 000703615 | ||
| 003 | CZ BrMZK | ||
| 005 | 20150408145707.0 | ||
| 007 | qu | ||
| 008 | 040119s2003 xr zne cze d | ||
| 024 | 2 | |a M706526027 | |
| 028 | 0 | 1 | |b WinGra |
| 040 | |a BOA001 |b cze | ||
| 072 | 7 | |a 781 |x Hudební teorie |2 Konspekt |9 9 | |
| 080 | |a 78.087.5 |2 MRF | ||
| 080 | |a 781 |2 MRF | ||
| 080 | |a (075) |2 MRF | ||
| 100 | 1 | |a Kvapil, Jan, |d 1968- |7 ola2005262888 | |
| 245 | 1 | 0 | |a Flautoškola 1 |h [hudebnina] : |b učebnice hry na sopránovou zobcocou flétnu : určeno pro barokní typ zobcové flétny s dvojitým vývrtem spodních otvorů / |c Jan a Eva Kvapilovi ; doprovody Tomáš Hanzlík |
| 250 | |a 1. vyd. | ||
| 260 | |a Praha : |b WinGra, |c 2003 | ||
| 300 | |a 78 s. : |b il. ; |c 30 cm | ||
| 650 | 0 | 4 | |a školy (sopránová zobcová flétna) |
| 655 | 4 | |a učebnice speciálních škol | |
| 700 | 1 | |a Hanzlík, Tomáš, |d 1972- |7 ola2002113995 |4 cmp | |
| 700 | 1 | |a Kvapilová, Eva, |d 1963- |7 ola2005262887 |o la2005262887 |4 aut | |
| 910 | |a BOA001 |b Mus4-1127.130,1 | ||
| 990 | |a MU | ||
| 996 | 6 | |b 2610208924 |c Mus4-1127.130,1 |l MZK |r Sklad / do 1 hodiny |n 26 |w 000703615 |u 000010 |a 1 |e BOA001 |j MZK50 |s P | |
English
Čeština 